Kartkówka z wiedzy ogólnej. #12 - Statystyki

Ogólne statystyki
  • Ten quiz został rozwiązany 41 razy
  • Średni wynik to 4 z 10
Statystyki odpowiedzi
Hint Odpowiedź % Poprawnych
W jakim obecnym państwie leżała Troja? Turcja
82%
Z jakiego kraju pochodzi firma Nokia? Finlandia
74%
Ile wynosi 5! 120
68%
Z jakiej części cynamonowca otrzymujemy cynamon? Kory
62%
W którym roku Krzysztof Kolumb po raz pierwszy dotarł do wysp karaibskich? 1492
50%
SiO2 to sumaryczny wzór minerału o jakiej nazwie? Kwarc
41%
Jaki klub piłkarski wywalczył tytuł mistrza Polski pod kierunkiem trenera Roberta Maaskanta? Wisła Kraków
29%
Ile gramów waży męski, seniorski oszczep używany w lekkiej atletyce? 800
15%
Które z komórek ludzkich, jako jedyne, nie posiadają jądra komórkowego? Erytrocyty
9%
Kto dowodził po stronie polskiej w czasie bitwy pod Wizną we wrześniu 1939 r.? Raginis
9%
Nie znaleziono quizów pasujących do podanych kryteriów
Rozkład punktacji
Procent ludzi z każdym wynikiem
Percentyl według liczby udzielonych odpowiedzi
Twoja historia wyników
Nie rozwiązałeś tego quizu